000 00780nam a2200241 i 4500
001 bgj
100 1 _aLITTLEJOHN, Andrew
245 1 0 _aCambridge English for Polish Schools :
_bstudent's book one /
_cAndrew Littlejohn & Diana Hicks with Małgorzata Szwaj.
250 _a[reprint.].
260 _aCambridge :
_bCambridge University Press,
_c1998
_e(Cambridge :
_fUniversity Press).
300 _a158 pp :
_bill., draw., photos ;
_c28 cm.
650 9 _aEnglish language
655 _aTextbooks for foreigners
700 1 _aHICKS, Diana
700 1 _aHICKS, Diana.
_eco-auth.
700 1 _aSZWAJ, Małgorzata
020 _a0521588855 (pbk)
040 _cBPK
041 0 _aeng
920 _a0-521-58885-5 (pbk)
942 _cKS
008 s uk f |000 0 eng
999 _c48274
_d48274